000 00456nam a2200157 4500
001 126035
003 ES-MaACL
005 20230906192736.0
007 t|
008 070214s1968 xxu r ||||1| eng d
100 1 _aReid, Samuel Richardson.
_995979
245 1 0 _aMergers, managers, and the economy /
_cSamuel Richardson Reid.
260 _aNew York [etc.] :
_bMcGraw-Hill,
_c1968.
300 _a302 p. ;
_c23 cm.
852 _aES-MaACL
_jC-56346
_bR.89098
999 _c126035
_d126035